Decentralised government and NGOs: issues, strategies and ways forward (Record no. 388762)

000 -LEADER
fixed length control field 00518cam a22001457a 4500
008 - FIXED-LENGTH DATA ELEMENTS--GENERAL INFORMATION
fixed length control field 180718b1999 xxu||||| |||| 00| 0 eng d
020 ## - INTERNATIONAL STANDARD BOOK NUMBER
International Standard Book Number 817022750X
082 ## - DEWEY DECIMAL CLASSIFICATION NUMBER
Classification number B7x54 R137
245 ## - TITLE STATEMENT
Title Decentralised government and NGOs: issues, strategies and ways forward
Statement of responsibility, etc. edited by D. Rajasekhar
260 ## - PUBLICATION, DISTRIBUTION, ETC.
Place of publication, distribution, etc. New Delhi
Name of publisher, distributor, etc. Concept
Date of publication, distribution, etc. 1999
300 ## - PHYSICAL DESCRIPTION
Extent 180p.
650 ## - SUBJECT ADDED ENTRY--TOPICAL TERM
Topical term or geographic name entry element Developing countries --Politics and government --Congresses.
650 ## - SUBJECT ADDED ENTRY--TOPICAL TERM
Topical term or geographic name entry element Economic assistance --Developing countries --Congresses
700 ## - ADDED ENTRY--PERSONAL NAME
Personal name Rajasekhar, D.
Holdings
Withdrawn status Lost status Damaged status Not for loan Permanent Location Current Location Date acquired Full call number Barcode Date last seen Price effective from Koha item type
        Indian Institute of Public Administration Indian Institute of Public Administration 2003-07-21 B7x54 R137 78459 2018-07-21 2018-07-21 Book
        Indian Institute of Public Administration Indian Institute of Public Administration 2003-07-21 B7x54 R137 78458 2018-07-21 2018-07-21 Book
        Indian Institute of Public Administration Indian Institute of Public Administration 2003-07-21 B7x54 R137 78457 2018-07-21 2018-07-21 Book
        Indian Institute of Public Administration Indian Institute of Public Administration 2003-07-21 B7x54 R137 78456 2018-07-21 2018-07-21 Book
        Indian Institute of Public Administration Indian Institute of Public Administration 1999-03-25 B7x54 R137 74096 2018-07-21 2018-07-21 Book

Powered by Koha